Normal view
MARC view
- India, Pakistan, Banglades, and the major powers
Entry Topical Term
001 - CONTROL NUMBER
- control field: 109334
003 - CONTROL NUMBER IDENTIFIER
- control field: NUST
005 - DATE AND TIME OF LATEST TRANSACTION
- control field: 20230221122416.0
008 - FIXED-LENGTH DATA ELEMENTS
- fixed length control field: 230221|| aca||aabn | a|a d
040 ## - CATALOGING SOURCE
- Original cataloging agency: NUST
- Transcribing agency: NUST
150 ## - HEADING--TOPICAL TERM
- Topical term or geographic name entry element: India, Pakistan, Banglades, and the major powers
670 ## - SOURCE DATA FOUND
- Source citation: Work cat.: (NUST)184343: G.W. Choudhury 1192, India, Pakistan, Banglades, and the major powers, London
